Control Systems (Record no. 37155)

MARC details
000 -LEADER
fixed length control field 00489nam a22001817a 4500
005 - DATE AND TIME OF LATEST TRANSACTION
control field 20100722105056.0
010 ## - LCCN (DPL NO)
LC control number ENG-96759
020 ## - INTERNATIONAL STANDARD BOOK NUMBER
International Standard Book Number 9780070678750
035 ## - SYSTEM CONTROL NUMBER
System control number EN-80292
037 ## - SOURCE OF ACQUISITION
Source of stock number/acquisition DBAD/PUB
082 ## - DEWEY DECIMAL CLASSIFICATION NUMBER
Classification number 629.8-VAR
245 ## - TITLE STATEMENT
Title Control Systems
260 ## - PUBLICATION, DISTRIBUTION, ETC. (IMPRINT)
Place of publication, distribution, etc New delhi
Name of publisher, distributor, etc Tata McGraw Hill Education Private Limited
Date of publication, distribution, etc 2010
270 ## - ADDRESS
Address 7 west Patel Nager, New Delhi 110008
City New Delhi
300 ## - PHYSICAL DESCRIPTION
Extent xvii, 793 p
Dimensions 23 cm (pbk)
500 ## - GENERAL NOTE
General note Includes index
942 ## - ADDED ENTRY ELEMENTS (KOHA)
Source of classification or shelving scheme Dewey Decimal Classification
Item type English Books
Call number suffix VAR

No items available.


© Delhi Public Library
Hit Counter
free hit counter